Dalton city (Registo nº 1788)

Detalhes MARC
000 -Etiqueta do registo
Cabeçalho 00850nam a22003011 4500
005 - Identificador da versão
Campo de controlo 20240813121916.0
095 ## -
-- PTBN00254256
021 ## - Número do Depósito Legal
Código do país PT
Número 30463/90
100 ## - Dados gerais de processamento
Dados gerais de processamento 20070508d1990 damy0pory5003 ba
102 ## - Pais de publicação ou produção
País de publicação Portugal
101 1# - Língua de publicação
Língua do texto, banda sonora, etc. Português
Língua do documento no original Francês
106 ## - Campo de dados codificados: material textual
Dados codificados do material textual r
105 ## - Campo de dados codificados: livros
Dados codificados dos livros a t 000ay
215 ## - Descrição física 
Indicação específica da natureza do documento e extensão da espécie 47 p.
Outras indicações físicas todo il.
Dimensões 29 cm
200 1# - Titulo e menção de responsabilidade
Título próprio Dalton city
Primeira menção de responsabilidade textos de Goscinny
Outras menções de responsabilidade des. Morris
225 2# - Colecção 
Título próprio da colecção Lucky Luke
Menção de responsabilidade relativa à colecção Dargaud
210 ## - Publicação, Distribuição, etc. 
Lugar da edição, distribuição, etc. Lisboa
Nome do editor, distribuidor, etc. Meribérica/Liber
Data da publicação, distribuição, etc. D.L. 1990
304 ## - Notas relativas a título e menção de responsabilidade 
Texto da nota Tít. orig.: Dalton city
606 ## - Nome comum usado como assunto
Número de registo de entrada de autoridade 0000226
Palavra de ordem Literatura estrangeira infanto-juvenil
Subdivisão de assunto Banda desenhada
675 ## - Classificação Decimal Universal (CDU)
Notação 82-9
Edição
Língua da edição por
701 #1 - Nome de autor-pessoa física (co-responsabilidade principal)
Palavra de ordem Morris
Elementos de identificação ou distinção pseud.
Código de função Ilustrador / Técnico de desenho computorizado
700 #0 - Nome de autor-pessoa física (responsabilidade principal)
Número de registo de entrada de autoridade 0000300
Palavra de ordem Goscinny
Datas 1926-1978
942 ## - Elementos de entrada adicionados (Koha)
Tipo de item no Koha Livro
Exemplares
Situação do levantamento Origin of item (home branch) (coded) Biblioteca de empréstimo Código de barras Cota Circulation type (not for loan) Tipo de documento Nota do exemplar Damaged status
  Biblioteca Escolar da Coca Maravilhas Biblioteca Escolar da Coca Maravilhas BECM2974/96 8BD LUC   Livro Sem mensagem